00848 2200313 4500001002100000005001500021020002200036035002400058040001200082082001600094084001800110090001800128100001400146245007600160250001700236260003300253300003100286650004700317990001700364990001700381990001700398990001700415990001700432990001700449990001700466990001700483990001700500990001700517YOGYA00000000010150420140823131137 a978-979-756-970-9 0010-041400000000105 aYOPDYOG 2[22]a324.6 aR 324.6 Ind U aR 324.6 Ind U aINDONESIA aUndang-undang no. 15 tahun 2011 tentang penyelenggaraan pemilihan umum. aEd.1, cet.1. aYogyakartabGraha Ilmu, 2013 a136 hlm.c; 21 cm (5 eks.) aPemilihan umum-undang-undang dan peraturan a6581/PD.2014 a6582/PD.2014 a6583/PD.2014 a6584/PD.2014 a6585/PD.2014 a6581/PD.2014 a6582-PD/B.14 a6583/PD.2014 a6584-PD/B.14 a6585-PD/B.14